<?xml version="1.0" encoding="UTF-8"?>
<record
    xmlns:xsi="http://www.w3.org/2001/XMLSchema-instance"
    xsi:schemaLocation="http://www.loc.gov/MARC21/slim http://www.loc.gov/standards/marcxml/schema/MARC21slim.xsd"
    xmlns="http://www.loc.gov/MARC21/slim">

  <leader>03657nam a2200541Ia 4500</leader>
  <controlfield tag="001">2149</controlfield>
  <controlfield tag="008">241029s9999    xx            000 0 und d</controlfield>
  <datafield tag="010" ind1=" " ind2=" ">
    <subfield code="a">2012</subfield>
  </datafield>
  <datafield tag="041" ind1=" " ind2=" ">
    <subfield code="a">Espa&#xF1;ol</subfield>
  </datafield>
  <datafield tag="082" ind1=" " ind2=" ">
    <subfield code="a">ST, MA FFI, 0003, FH, 2008</subfield>
  </datafield>
  <datafield tag="245" ind1=" " ind2="0">
    <subfield code="a">Animaci&#xF3;n sociocultural en el Recinto Juan Vicente Moscoso y el Municipio de San Pedro de Macor&#xED;s (1990-2004).</subfield>
  </datafield>
  <datafield tag="260" ind1=" " ind2=" ">
    <subfield code="a">San Pedro de Macor&#xED;s</subfield>
  </datafield>
  <datafield tag="300" ind1=" " ind2=" ">
    <subfield code="a">127</subfield>
  </datafield>
  <datafield tag="520" ind1=" " ind2=" ">
    <subfield code="a">1</subfield>
  </datafield>
  <datafield tag="630" ind1=" " ind2=" ">
    <subfield code="a">Animaci&#xF3;n Sociocultural</subfield>
  </datafield>
  <datafield tag="650" ind1=" " ind2=" ">
    <subfield code="a">Ejes Transversales (Cultura Dominicana: Identidad y Diversidad)</subfield>
  </datafield>
  <datafield tag="690" ind1=" " ind2=" ">
    <subfield code="a">Elaborado</subfield>
  </datafield>
  <datafield tag="700" ind1=" " ind2=" ">
    <subfield code="e">asesor</subfield>
    <subfield code="a">Artiles Gil, Leopoldo</subfield>
  </datafield>
  <datafield tag="700" ind1=" " ind2=" ">
    <subfield code="e">autor</subfield>
    <subfield code="a">Orozco, Mar&#xED;a Altagracia </subfield>
  </datafield>
  <datafield tag="700" ind1=" " ind2=" ">
    <subfield code="e">autor</subfield>
    <subfield code="a">Nolasco, Margarita</subfield>
  </datafield>
  <datafield tag="700" ind1=" " ind2=" ">
    <subfield code="e">asesor</subfield>
    <subfield code="a">Henr&#xED;quez, Argentina </subfield>
  </datafield>
  <datafield tag="901" ind1=" " ind2=" ">
    <subfield code="a">{"1":"Orozco","2":"Nolasco"}</subfield>
    <subfield code="b">{"1":"Mar&#xED;a Altagracia ","2":"Margarita"}</subfield>
  </datafield>
  <datafield tag="902" ind1=" " ind2=" ">
    <subfield code="a">2</subfield>
  </datafield>
  <datafield tag="903" ind1=" " ind2=" ">
    <subfield code="a">{"1":"Henr&#xED;quez","2":"Artiles Gil"}</subfield>
    <subfield code="b">{"1":"Argentina ","2":"Leopoldo"}</subfield>
  </datafield>
  <datafield tag="904" ind1=" " ind2=" ">
    <subfield code="a">Maestr&#xED;a en</subfield>
  </datafield>
  <datafield tag="905" ind1=" " ind2=" ">
    <subfield code="a">Formaci&#xF3;n de Formadores e Investigaci&#xF3;n para el Cambio Socioeducativo</subfield>
  </datafield>
  <datafield tag="906" ind1=" " ind2=" ">
    <subfield code="a">2</subfield>
  </datafield>
  <datafield tag="907" ind1=" " ind2=" ">
    <subfield code="a">NO APLICA</subfield>
  </datafield>
  <datafield tag="908" ind1=" " ind2=" ">
    <subfield code="a">NO APLICA</subfield>
  </datafield>
  <datafield tag="909" ind1=" " ind2=" ">
    <subfield code="a">Universidad Aut&#xF3;noma de Santo Domingo (UASD)</subfield>
  </datafield>
  <datafield tag="910" ind1=" " ind2=" ">
    <subfield code="a">NULL</subfield>
    <subfield code="b">NULL</subfield>
  </datafield>
  <datafield tag="911" ind1=" " ind2=" ">
    <subfield code="a">["1"]</subfield>
  </datafield>
  <datafield tag="912" ind1=" " ind2=" ">
    <subfield code="a">Universidad de Barcelona, Espa&#xF1;a</subfield>
  </datafield>
  <datafield tag="913" ind1=" " ind2=" ">
    <subfield code="a">NULL</subfield>
  </datafield>
  <datafield tag="914" ind1=" " ind2=" ">
    <subfield code="a">04 de Agosto de 2008</subfield>
  </datafield>
  <datafield tag="915" ind1=" " ind2=" ">
    <subfield code="a">10/11/19 09:11</subfield>
  </datafield>
  <datafield tag="916" ind1=" " ind2=" ">
    <subfield code="a">NULL</subfield>
  </datafield>
  <datafield tag="917" ind1=" " ind2=" ">
    <subfield code="a">NULL</subfield>
  </datafield>
  <datafield tag="918" ind1=" " ind2=" ">
    <subfield code="a">Educaci&#xF3;n para adultos</subfield>
  </datafield>
  <datafield tag="919" ind1=" " ind2=" ">
    <subfield code="a">["16"]</subfield>
  </datafield>
  <datafield tag="520" ind1=" " ind2=" ">
    <subfield code="a">El objetivo general de la investigaci&#xF3;n se fundament&#xF3; en describir y evaluar la situaci&#xF3;n de la animaci&#xF3;n sociocultural en el Recinto Juan Vicente Moscoso y el Municipio de San Pedro de Macor&#xED;s. Con el fin de elaborar una propuesta de intervenci&#xF3;n de la animaci&#xF3;n sociocultural, orientada a fortalecer nuevas actitudes y pr&#xE1;cticas ciudadanas en los docentes.El estudio fue de car&#xE1;cter descriptivo-participativo. En cuanto al enfoque metodol&#xF3;gico, apunt&#xF3; hacia una pr&#xE1;ctica educativa cr&#xED;tica, dial&#xF3;gica, concienciadora y participativa. La muestra fue tomada de una poblaci&#xF3;n de veinte (20) estudiantes que se encontraban cursando el 4to. 6to. y 8vo. Cuatrimestre de la Licenciatura de Educaci&#xF3;n B&#xE1;sica.Dicha investigaci&#xF3;n se&#xF1;ala dentro de sus conclusiones que, en dicho recinto se realizan una serie de actividades culturales observadas previamente. Pero que van en orden a una integraci&#xF3;n con las &#xE1;reas dentro de las respectivas aulas. Con lo que se pudo afirmar que estas actividades no llegan al municipio (comunidad) y mucho menos desde el municipio a la instituci&#xF3;n. Resalta adem&#xE1;s, que la comunidad dice desconocer las caracter&#xED;sticas esenciales de la Instituci&#xF3;n.En lugar de recomendaciones, la presente investigaci&#xF3;n presenta logros alcanzados a ra&#xED;z de esta intervenci&#xF3;n, entre los que se destacan: la participaci&#xF3;n de los futuros maestros/as en servicio, que finalizan su Licenciatura realizando investigaciones de problem&#xE1;ticas desde las aulas. Con el prop&#xF3;sito de realizar intervenciones de transformaci&#xF3;n-acci&#xF3;n cooperativa, participativa, en bien de lograr cambios significativos en los centros del municipio. As&#xED; como a nivel de la regi&#xF3;n y, que, desde el &#xE1;rea de Ciencias Naturales, se est&#xE1; implementando la integraci&#xF3;n del Recinto en campa&#xF1;as para el cuidado del medio, como la forestaci&#xF3;n, participaci&#xF3;n en el mantenimiento de la higiene ambiental, y que las mismas tambi&#xE9;n se est&#xE1;n implementando en los centros educativos, espec&#xED;ficamente los apadrinados por el Recinto.</subfield>
  </datafield>
  <datafield tag="921" ind1=" " ind2=" ">
    <subfield code="a">16</subfield>
  </datafield>
  <datafield tag="922" ind1=" " ind2=" ">
    <subfield code="a">16</subfield>
  </datafield>
  <datafield tag="923" ind1=" " ind2=" ">
    <subfield code="a">0</subfield>
  </datafield>
  <datafield tag="924" ind1=" " ind2=" ">
    <subfield code="a">NO APLICA</subfield>
  </datafield>
  <datafield tag="942" ind1=" " ind2=" ">
    <subfield code="c">Tesis</subfield>
  </datafield>
  <datafield tag="999" ind1=" " ind2=" ">
    <subfield code="c">2012</subfield>
    <subfield code="d">2012</subfield>
  </datafield>
</record>
